<?xml version="1.0" encoding="UTF-8"?><?xml-stylesheet type="text/xsl" href="static/style.xsl"?><OAI-PMH xmlns="http://www.openarchives.org/OAI/2.0/" xmlns:xsi="http://www.w3.org/2001/XMLSchema-instance" xsi:schemaLocation="http://www.openarchives.org/OAI/2.0/ http://www.openarchives.org/OAI/2.0/OAI-PMH.xsd"><responseDate>2026-04-18T00:58:08Z</responseDate><request verb="GetRecord" identifier="oai:repisalud.isciii.es:20.500.12105/14671" metadataPrefix="marc">https://repisalud.isciii.es/rest/oai/request</request><GetRecord><record><header><identifier>oai:repisalud.isciii.es:20.500.12105/14671</identifier><datestamp>2024-09-27T09:33:57Z</datestamp><setSpec>com_20.500.12105_19604</setSpec><setSpec>com_20.500.12105_2051</setSpec><setSpec>com_20.500.12105_15322</setSpec><setSpec>col_20.500.12105_19605</setSpec><setSpec>col_20.500.12105_16977</setSpec></header><metadata><record xmlns="http://www.loc.gov/MARC21/slim" xmlns:dcterms="http://purl.org/dc/terms/" xmlns:doc="http://www.lyncode.com/xoai" xmlns:xsi="http://www.w3.org/2001/XMLSchema-instance" xsi:schemaLocation="http://www.loc.gov/MARC21/slim http://www.loc.gov/standards/marcxml/schema/MARC21slim.xsd">
   <leader>00925njm 22002777a 4500</leader>
   <datafield ind2=" " ind1=" " tag="042">
      <subfield code="a">dc</subfield>
   </datafield>
   <datafield ind2=" " ind1=" " tag="720">
      <subfield code="a">Díaz-Munoz, Raquel</subfield>
      <subfield code="e">author</subfield>
   </datafield>
   <datafield ind2=" " ind1=" " tag="720">
      <subfield code="a">Valle-Caballero, María José</subfield>
      <subfield code="e">author</subfield>
   </datafield>
   <datafield ind2=" " ind1=" " tag="720">
      <subfield code="a">Sanchez-Gonzalez, Javier</subfield>
      <subfield code="e">author</subfield>
   </datafield>
   <datafield ind2=" " ind1=" " tag="720">
      <subfield code="a">Pizarro, Gonzalo</subfield>
      <subfield code="e">author</subfield>
   </datafield>
   <datafield ind2=" " ind1=" " tag="720">
      <subfield code="a">García-Rubira, Juan Carlos</subfield>
      <subfield code="e">author</subfield>
   </datafield>
   <datafield ind2=" " ind1=" " tag="720">
      <subfield code="a">Escalera, Noemi</subfield>
      <subfield code="e">author</subfield>
   </datafield>
   <datafield ind2=" " ind1=" " tag="720">
      <subfield code="a">Fuster, Valentin</subfield>
      <subfield code="e">author</subfield>
   </datafield>
   <datafield ind2=" " ind1=" " tag="720">
      <subfield code="a">Fernandez-Jimenez, Rodrigo</subfield>
      <subfield code="e">author</subfield>
   </datafield>
   <datafield ind2=" " ind1=" " tag="720">
      <subfield code="a">Ibáñez, Borja</subfield>
      <subfield code="e">author</subfield>
   </datafield>
   <datafield ind2=" " ind1=" " tag="260">
      <subfield code="c">2021-07-19</subfield>
   </datafield>
   <datafield ind2=" " ind1=" " tag="520">
      <subfield code="a">Besides its protective effect against neutrophil-mediated injury at reperfusion, intravenous (IV) metoprolol was recently shown to reduce the progression of ischemic injury in a pig model of ST-segment elevation myocardial infarction (STEMI). Here, we tested the hypothesis that IV metoprolol administration in humans with ongoing STEMI blunts the time‑dependent progression of ischemic injury assessed by serial electrocardiogram (ECG) evaluations before reperfusion. The METOCARD-CNIC trial randomized 270 anterior STEMI patients to IV metoprolol or control before reperfusion by percutaneous coronary intervention (PCI). In 139 patients (69 IV metoprolol, 70 controls), two ECGs were available (ECG-1 before randomization, ECG-2 pre-PCI). Between-group ECG differences were analyzed using univariate and multivariate regression models. No significant between-group differences were observed on ECG-1. On ECG-2, patients who received IV metoprolol had a narrower QRS than those in the control group (84 ms vs. 90 ms, p = 0.029), a lower prevalence of QRS distortion (10% vs. 26%, p = 0.017), and a lower sum of anterior and total ST-segment elevation (10.1 mm vs. 13.6 mm, p = 0.014 and 10.4 mm vs. 14.0 mm, p = 0.015, respectively). Adjusted analysis revealed similar results. Significant associations were observed between ECG-2 variables and cardiac magnetic resonance imaging measurements (extent of myocardial edema, infarct size, microvascular obstruction, and left-ventricular ejection fraction) after STEMI. In summary, IV metoprolol administration before reperfusion ameliorates ECG markers of myocardial ischemia in anterior STEMI patients. These data confirm that IV metoprolol is able to reduce ischemic injury and highlight the ability of ECG analysis to provide relevant real-time information on the effect of cardioprotective therapies before reperfusion.</subfield>
   </datafield>
   <datafield ind1="8" ind2=" " tag="024">
      <subfield code="a">Basic Res Cardiol. 2021 Jul 19;116(1):45.</subfield>
   </datafield>
   <datafield ind1="8" ind2=" " tag="024">
      <subfield code="a">0300-8428</subfield>
   </datafield>
   <datafield ind1="8" ind2=" " tag="024">
      <subfield code="a">http://hdl.handle.net/20.500.12105/14671</subfield>
   </datafield>
   <datafield ind1="8" ind2=" " tag="024">
      <subfield code="a">34279726</subfield>
   </datafield>
   <datafield ind1="8" ind2=" " tag="024">
      <subfield code="a">10.1007/s00395-021-00884-6</subfield>
   </datafield>
   <datafield ind1="8" ind2=" " tag="024">
      <subfield code="a">1435-1803</subfield>
   </datafield>
   <datafield ind1="8" ind2=" " tag="024">
      <subfield code="a">Basic Research in Cardiology</subfield>
   </datafield>
   <datafield ind2="0" ind1="0" tag="245">
      <subfield code="a">Intravenous metoprolol during ongoing STEMI ameliorates markers of ischemic injury: a METOCARD-CNIC trial electrocardiographic study.</subfield>
   </datafield>
</record></metadata></record></GetRecord></OAI-PMH>